00330nam a22001337a 4500003000400000008004100004020001800045082001500063100002300078245003700101250001200138260003800150300000800188OSt240223b |||||||| |||| 00| 0 eng d a9789355517999 a004.65 LOE aLOHANI,Suraj Kumar aExcel for finance and Accounting aEd. 1st aNew DelhibBPB Publicationsc2024 a263